000 00331nam a2200133Ia 4500
005 20251222143319.0
008 251222s9999||||xx |||||||||||||| ||spa||
020 _a88-15-03877-9
082 _a337.142/D27
100 _aDastoli, Pier Virgilio
245 0 _aLa Nuova Europa:
264 _bSocietà editrice il Mulino
942 _cLIB
999 _c15996
_d15996